000 00891cam a22002294a 4500
005 20250605163943.0
008 250528s ||||||||||||||||||||||||d
035 _a15100
020 _a7286798
040 _aGR-AtMCL
_bgre
_dGR-AtMCL
_eAACR2
245 1 _aThe Management Process / Cases and Readings
260 _bThe Macmillan Company,
_c1973
300 _a436
505 0 _aManagement Theory, Policy Planning, Organizational Planning, Directing, Coordinating and Controlling, Perspectives on Management and Secondary Management Functions.
520 _aManagement Theory, Policy Planning, Organizational Planning, Directing, Coordinating and Controlling, Perspectives on Management and Secondary Management Functions.
700 1 _aCarroll Stephen J
_9945
700 1 _aMiner B. John
_9946
700 1 _aPaine T. Frank
_9947
942 _cBK
999 _c697
_d697